000 01245cam a22003617a 4500
003 CHAP
005 20220329135258.0
008 971013s1986 r 00010 d
010 _a33700
011 _a34672
035 _a38788
040 _cCHAP
082 _a583.32034
_bM4
100 0 0 _aMeenaskshi, J. V.
_974156
245 1 4 _aThe impact of indian's grain revolution on the pulses and oilseeds
_c/by J.V. Meenakshi, Rita Sharma and Thomas T. Poleman
260 _aIthaca, N.Y. :
_bCornell University,
_c1986.
300 _ac.a. (364 p.)
590 _aBATCH-UPD
_b10
_c20130109
_lUCH01
_h2354
590 _aBATCH-UPD
_b10
_c20130110
_lUCH01
_h0212
590 _aBATCH-UPD
_b10
_c20130110
_lUCH01
_h2139
590 _aBATCH-UPD
_b10
_c20130410
_lUCH01
_h1447
590 _aCONVERSION
_b10
_c20130109
_lUCH01
_h1319
650 1 4 _aAgricultura
_xAspectos economicos
_xIndia.
_91257
650 1 4 _aCereales
_xIndia.
_921426
650 1 4 _aCereales
_xRendimiento.
_921461
650 1 4 _aLeguminosas
_xIndia.
_965832
650 1 4 _aPlantas oleaginosas.
_989032
700 0 _aPoleman, Thomas T.
_990206
700 0 _aSharma, Rita.
_9105512
901 _aBK
942 _cLIBRO
949 _a583.32034 M4
_bBC
_cLIBRO
_d33724000455804
_eLIBRO
_h71594
_i38788
_mD
_si
999 _c33700
_d33700